taran wanderer (Record no. 7596)

MARC details
000 -LEADER
fixed length control field 00983nam a22001817a 4500
003 - CONTROL NUMBER IDENTIFIER
control field OSt
005 - DATE AND TIME OF LATEST TRANSACTION
control field 20260120082417.0
008 - FIXED-LENGTH DATA ELEMENTS--GENERAL INFORMATION
fixed length control field 260120b |||||||| |||| 00| 0 eng d
040 ## - CATALOGING SOURCE
Original cataloging agency DWCL GS library
Transcribing agency OC
082 ## - DEWEY DECIMAL CLASSIFICATION NUMBER
Classification number Fic.A127c 1967
100 ## - MAIN ENTRY--PERSONAL NAME
Personal name Alexander, Lloyd
245 ## - TITLE STATEMENT
Title taran wanderer
260 ## - PUBLICATION, DISTRIBUTION, ETC.
Place of publication, distribution, etc. New york
Name of publisher, distributor, etc. Bantam Doubleday Dell Publishing Group, Inc.
Date of publication, distribution, etc. c1967
300 ## - PHYSICAL DESCRIPTION
Extent 272
Dimensions 20cm
520 ## - SUMMARY, ETC.
Summary, etc. Taran has been both assistant Pig-keeper and warrior but his heart is troubled. Who are his parents? where does he come from? In a quest to learn who truly is, Taran travels Prydain seeking secrets long buried by time and silence. Accompanied by his loyal friends, Taran begins his search. Maybe, if his parents are as noble as he hopes, Princess Eilonwy with the red-gold hair will think as often and as fondly of Taran as he finds himself thinking of her.
700 ## - ADDED ENTRY--PERSONAL NAME
Personal name Lloyd Alexander
942 ## - ADDED ENTRY ELEMENTS (KOHA)
Source of classification or shelving scheme Dewey Decimal Classification
Koha item type Fiction
Classification part Fic. A127c 1967
Suppress in OPAC No
952 ## - LOCATION AND ITEM INFORMATION (KOHA)
--
Holdings
Withdrawn status Lost status Source of classification or shelving scheme Damaged status Not for loan Home library Current library Shelving location Date acquired Source of acquisition Total Checkouts Full call number Barcode Date last seen Price effective from Koha item type Uniform Resource Identifier
    Dewey Decimal Classification     College Library Grade School Library Fiction 01/20/2026 School Fund, Donation   Fic. A127b 1967 8101 01/20/2026 01/20/2026 FIC.